| 000 | 00425nam a2200157 i 4500 | ||
|---|---|---|---|
| 001 | 95379 | ||
| 003 | ES-MaACL | ||
| 005 | 20230906181707.0 | ||
| 007 | t| | ||
| 008 | 050527s1969 sp ||||1| cat d | ||
| 100 | 1 |
_aLlates, Rosendo. _972726 |
|
| 245 | 1 | 0 |
_a30 anys de vida catalana / _cRosendo Llates. |
| 260 |
_aBarcelona : _bAedos, _c1969. |
||
| 300 |
_a575 p., 10 lám. ; _c22 cm. |
||
| 852 |
_aES-MaACL _jC-47319 _bR.70750 |
||
| 999 |
_c95379 _d95379 |
||